00505nam a2200193 a 4500001001300000003000900013005001700022008004100039020001000080082001500090100002600105245004100131260004100172300000900213500003500222505001000257650001800267700002600285nice12345678IN_TiNIC20260116012528.0050524s1926 lona grp 000 0 eng  ac10000a236.9bPAN aPankhurst, Christable aWorld`s Unrestb Visions of the Dawn aLondonbMorgan and Scott, Ltd.c1926 a231p aincludes index and biblioraphy2 aIndex aSecond Advent1 aPankhurst, Christable